000 00982nam a22003017a 4500
003 DO-SdBPM
005 20260216104850.0
007 ta
008 160310b1999 sp ||| |||| 00| 0 spa d
020 _a8449411408
040 _aDO-SdBPM
_bspa
_cBPMSU
_erda
082 4 _a 371.3
_bA654a 1999
_222
245 1 0 _aAprender a aprender :
_btécnicas de estudio /
_cdirección de la obra y redacción, Fuensanta Hernández Pina.
260 _c
264 _aBarcelona :
_bOcéano,
_c1999
300 _a119 páginas :
_bilustraciones ;
_c26 cm.
336 _atexto
_btxt
_2rdacontent
337 _asin mediación
_bn
_2rdamedia
338 _avolumen
_bnc
_2rdacarrier
590 _aInventariado, 2026/VM
650 7 _aMétodos de enseñanza
650 7 _aPsicopedagogía
650 7 _aTécnicas de estudio
700 1 _aGrasa, Victoria,
_eilustraciones
700 1 _aHernández Pina, Fuensanta
_edirección
910 _aVMateo V. Control de calidad. BPMSU
942 _2ddc
_cBK
999 _c9180
_d9180